Statistiques concernant Frontières maritimes de la France

Cliquez ici pour prendre le quiz!

Statistiques générales

  • Ce quiz a été pris 164 fois
    (126 depuis la dernière actualisation)
  • Le résultat moyen est 18 sur 29

Statistiques - réponses

Pays frontaliers maritimes % Correct
9Espagne
94%
19Royaume-Uni
93%
5Brésil
92%
11Italie
90%
4Belgique
86%
2Australie
77%
18Pays-Bas
75%
25Suriname
75%
17Nouvelle-Zélande
70%
6Canada
69%
13Madagascar
66%
14Maurice
57%
10Fidji
56%
7Comores
56%
15Monaco
56%
23Samoa
55%
8Dominique
54%
26Tonga
54%
28Vanuatu
54%
27Tuvalu
52%
1Antigua-et-Barbuda
50%
22Salomon
48%
21Sainte-Lucie
48%
12Kiribati
46%
20Saint-Christophe-et-Niévès
44%
3Barbade
44%
24Seychelles
43%
16Mozambique
34%
29Venezuela (Isla de Aves)
28%

Distribution des résultats

Percentile par nombre de réponses

% des personnes avec chaque résultat

Votre développement - résultats

Vous n’avez pas pris ce quiz depuis la dernière actualisation